LIBRARY & INFORMATION CENTRE, KCAET, TAVANUR

ONLINE PUBLIC ACCESS CATALOGUE (OPAC)

Social forestry in India / (Record no. 7269)

MARC details
000 -LEADER
fixed length control field 00403cam a2200169ua 4500
003 - CONTROL NUMBER IDENTIFIER
control field OSt
008 - FIXED-LENGTH DATA ELEMENTS--GENERAL INFORMATION
fixed length control field 260303b |||||||| |||| 00| 0 eng d
041 ## - LANGUAGE CODE
Language code of text/sound track or separate title eng
082 ## - DEWEY DECIMAL CLASSIFICATION NUMBER
Classification number 634.9
Item number TIW/SO
100 ## - MAIN ENTRY--AUTHOR NAME
Personal name Tiwari, K M .
245 ## - TITLE STATEMENT
Title Social forestry in India /
250 ## - EDITION STATEMENT
Edition statement 1 /
260 ## - PUBLICATION, DISTRIBUTION, ETC. (IMPRINT)
Place of publication Dehradun :
Name of publisher Natraj publishers ,
Year of publication 1983.
300 ## - PHYSICAL DESCRIPTION
Number of Pages 296 ; .
942 ## - ADDED ENTRY ELEMENTS (KOHA)
Koha item type Books
Holdings
Withdrawn status Lost status Damaged status Home library Current library Date acquired Full call number Accession Number Koha item type
      KAUAET KAUAET 26/03/1987 634.9 TIW/SO 16138 Books
free website counter